The Caribbean writer. (Record no. 54350)

MARC details
000 -LEADER
fixed length control field 00585nam a22001817a 4500
008 - FIXED-LENGTH DATA ELEMENTS--GENERAL INFORMATION
fixed length control field 190709b ||||| |||| 00| 0 eng d
020 ## - INTERNATIONAL STANDARD BOOK NUMBER
International Standard Book Number 0976927365
050 ## - LIBRARY OF CONGRESS CALL NUMBER
Classification number PR9205.45
Item number .C37 2011
245 ## - TITLE STATEMENT
Title The Caribbean writer.
260 ## - PUBLICATION, DISTRIBUTION, ETC. (IMPRINT)
Place of publication, distribution, etc St. Croix, USVI :
Name of publisher, distributor, etc University of the Virgin Islands
Date of publication, distribution, etc 2011
300 ## - PHYSICAL DESCRIPTION
Extent volumes :
Other physical details illustrations ;
Dimensions 25 cm
650 ## - SUBJECT ADDED ENTRY--TOPICAL TERM
Topical term or geographic name as entry element Caribbean literature (English)
Form subdivision Periodicals.
650 ## - SUBJECT ADDED ENTRY--TOPICAL TERM
Topical term or geographic name as entry element Caribbean literature (English)
655 ## - INDEX TERM--GENRE/FORM
Non-focus term Periodicals.
655 ## - INDEX TERM--GENRE/FORM
Non-focus term Little magazines.
710 ## - ADDED ENTRY--CORPORATE NAME
Corporate name or jurisdiction name as entry element Caribbean Research Institute.
942 ## - ADDED ENTRY ELEMENTS (KOHA)
Source of classification or shelving scheme Library of Congress Classification
Item type Book
Holdings
Withdrawn status Lost status Source of classification or shelving scheme Damaged status Not for loan Collection code Home library Current library Shelving location Date acquired Source of acquisition Cost, normal purchase price Total Checkouts Full call number Barcode Copy number Price effective from Koha item type
    Library of Congress Classification   Not For Loan Non-fiction Bishop Okullu Memorial Library (Limuru Campus) Bishop Okullu Memorial Library (Limuru Campus) Processing Center 09/07/2019 Donations-BFA 1200.00   PR9205.45 .C37 2011 061833 1 09/07/2019 Book